000 00766nas a2200253 4500
001 BR7901210
003 BR-BrBNA
005 20231205083645.0
007 ta
008 230509b bl.|||p| |||| 00| 00por d
040 _aBR-BrBNA
_bpor
_cBiblioteca Nacional de Agricultura
041 _a(Pt)
072 _aH10
100 1 _aOliveira, G.P.
245 1 _aComportamento de ovos e larvas de Boophilus microplus (Can.)(Acarina : Ixodidae)em condicoes de imersao e de ambiente
_bParte de tese
650 _aACARO
650 _aOVO
650 _aLARVA
650 _aIMERSAO
650 _aMEIO AMBIENTE
773 0 _tCientifica (Brazil)
_xISSN 0100-0039
_g(1978), v. 6(2) p. 295-305
_wBR7901210
909 _a202311
_bLúcia
_c55
_dLúcia Elande
942 _2AGRIS
_n0
_cANA
999 _c100364
_d100364